Statistics for Formula 1 drivers who won at Hockenheim

Click here to take the quiz!

General Stats

  • This quiz has been taken 90 times
  • The average score is 33 of 37

Answer Stats

HintAnswer% Correct
2012Fernando Alonso
100%
2010Fernando Alonso
100%
2005Fernando Alonso
100%
2018Lewis Hamilton
100%
2016Lewis Hamilton
100%
2008Lewis Hamilton
100%
1995Michael Schumacher
100%
2006Michael Schumacher
100%
2004Michael Schumacher
100%
2002Michael Schumacher
100%
2001Ralf Schumacher
100%
1988Ayrton Senna
99%
1989Ayrton Senna
99%
1990Ayrton Senna
99%
1998Mika Häkkinen
97%
1984Alan Prost
96%
1993Alan Prost
96%
2019Max Verstappen
96%
1987Nelson Piquet
96%
1981Nelson Piquet
96%
1982Nelson Piquet
96%
1986Nelson Piquet
96%
2014Nico Rosberg
96%
1996Damon Hill
95%
1992Nigel Mansell
95%
1991Nigel Mansell
95%
1977Niki Lauda
89%
2000Rubens Barrichello
89%
1999Eddie Irvine
79%
1979Alan Jones
76%
2003Juan Pablo Montoya
76%
1978Mario Andretti
71%
1994Gerhard Berger
64%
1997Gerhard Berger
64%
1970Jochen Rindt
61%
1983René Arnoux
41%
1980Jacques Laffite
37%

Score Distribution

Percentile by Number Answered

Percent of People with Each Score

Your Score History

You have not taken this quiz